00367 a2200133 450000500170000002000210001708200130003810000210005124500240007225000110009626000270010730000560013470000430019020250613090512.0 a10:0-321-42659-2 a519.5SHA aNOREAN R. SHARPE aBusiness Statistics a3th Ed aUSA,bNew York,c2010. axix,747p, ill, table, figure, pictureb Indexc28cm aRICHARD D. DE VEAUX & PAUL F. VELLEMAN